000 00319nam a22001217a 4500
040 _cSY
082 _a333
100 _aគា គឹមអេង
245 _aបច្ចេកទេសក្រោយប្រមូលផលផលិតផលជនបទ
260 _aRUA
_bគា
_c2011
300 _a68
942 _cKB
999 _c9682
_d9682